00526nam a2200169Ia 4500003000900000008004100009040001600050080001300066245010700079260003400186300001700220650002500237650004100262650001200303700001900315700002200334IN-BaIIA211028s9999 xx 000 0 eng d cIIA Library a526bKON 0aMathematische grundlagen der hoheren geodasie und kartographiecedited by von R. Konig und K.H. Weise. aBerlinbSpringer-Verlagc1951 axviii, 522p. aAstronomical geodesy aAstronomy and astrophysics thesaurus aGeodesy aKonig, R., ed. aWeise, K. H., ed.